Computer graphics and virtual environments : From realism to real-time

সংরক্ষণ করুন:
গ্রন্থ-পঞ্জীর বিবরন
প্রধান লেখক: Slater, Mel
বিন্যাস: গ্রন্থ
ভাষা:Undetermined
প্রকাশিত: New York, NY Addison Wesley 2002
বিষয়গুলি:
ট্যাগগুলো: ট্যাগ যুক্ত করুন
কোনো ট্যাগ নেই, প্রথমজন হিসাবে ট্যাগ করুন!
Thư viện lưu trữ: Trung tâm Học liệu Trường Đại học Cần Thơ
LEADER 00602nam a2200205Ia 4500
001 CTU_128443
008 210402s9999 xx 000 0 und d
020 |c 876500 
082 |a 006 
082 |b S631 
100 |a Slater, Mel 
245 0 |a Computer graphics and virtual environments : 
245 0 |b From realism to real-time 
245 0 |c Mel Slater, Anthony Steed, and Yiorgos Chrysanthou. 
260 |a New York, NY 
260 |b Addison Wesley 
260 |c 2002 
650 |a Computer graphics.,Virtual reality. 
904 |i Minh 
980 |a Trung tâm Học liệu Trường Đại học Cần Thơ